駅名に「布」を含む駅 - Statistics

General Stats
  • This quiz has been taken 98 times
  • The average score is 13 of 28
Answer Stats
Hint Answer % Correct
調布市 調布
88%
調布市 西調布
74%
小布施町 小布施
71%
比布町 比布
68%
調布市 布田
68%
由布市 由布院
67%
東大阪市 布施
64%
田布施町 田布施
63%
志布志市 志布志
62%
新見市 布原
55%
大田区 田園調布
47%
我孫子市 布佐
46%
松原市 布忍
45%
蘭越町 昆布
43%
港区 麻布十番
37%
江南市 布袋
37%
根室市 昆布盛
36%
宝塚市 売布神社
36%
諫早市 市布
34%
遠軽町 丸瀬布
33%
由布市 南由布
33%
和歌山市 布施屋
28%
高知市 布師田
26%
富山市 布市
24%
浜田市 周布
22%
出雲市 布崎
18%
糸島市 加布里
18%
高岡市 荻布
13%
No matching quizzes found
Score Distribution
Percent of People with Each Score
Percentile by Number Answered
Your Score History
You have not taken this quiz